|
|
|
|
| LEADER |
00000nab a2200000 a 4500 |
| 001 |
vtls000547232 |
| 003 |
SK-MaSNL |
| 005 |
20260304091953.0 |
| 008 |
250425c1995 xo 0 slo |
| 015 |
|
|
|a SNBRB19rr/mm-uuuuu
|
| 035 |
|
|
|a CL0547370
|
| 035 |
|
|
|a urn:nbn:sk:snk-abe09
|
| 035 |
|
|
|a (urnnbn)urn:nbn:sk:snk:ar-a03sus
|
| 035 |
|
|
|a (uuid)011e11c6-f7b0-4dc0-b7a3-8f0b25037ed2
|
| 040 |
|
|
|a SNKBUCL
|b slo
|c SNKBUCL
|e AACR2
|
| 041 |
0 |
|
|a slo
|
| 044 |
|
|
|a xo
|c SK
|
| 080 |
|
|
|a 619:636.4.053:616.34-008.314.4
|2 1981
|
| 080 |
|
|
|a 636.4.053
|2 1981
|
| 100 |
1 |
|
|a Žatkovič, Boris
|4 aut
|9 1371603
|
| 245 |
1 |
0 |
|a Produkcia sideroforov u kmeňov E. coli izolovaných od odstavčiat
|c B. Žatkovič, V. Kmeť
|
| 300 |
|
|
|b Tab. 1, res. angl., slov., lit. 10 zázn. v angl., slov.
|
| 650 |
0 |
7 |
|a ošípané
|2 snkbucl
|9 2795
|
| 650 |
0 |
7 |
|a hnačka
|2 snkbucl
|9 16274
|
| 650 |
0 |
7 |
|a Escherichia coli
|2 snkbucl
|9 16089
|
| 655 |
|
7 |
|a články z novín a časopisov
|2 snkbucl
|9 267496
|
| 700 |
1 |
|
|a Kmeť, Vladimír,
|d 1951-
|4 aut
|9 120997
|
| 773 |
0 |
|
|t Slovenský veterinársky časopis
|g Roč. 20, č. 1 (1995), s. 35-37
|
| 850 |
|
|
|a Slovenská národná knižnica
|
| 852 |
|
|
|a Slovenská národná knižnica
|
| 954 |
|
|
|a odborná, vedecká literatúra pôvodná (slovenská)
|2 lita
|
| 958 |
|
|
|a article27
|
| 958 |
|
|
|a NB
|
| 958 |
|
|
|a RK
|
| 958 |
|
|
|a MI
|
| 958 |
|
|
|a OND
|
| 958 |
|
|
|a EUIPO
|
| 992 |
|
|
|a RBX
|
| 999 |
|
|
|c 2817639
|d 2819569
|